46 W 10 Grab Bag - Statistics

General Stats
  • This quiz has been taken 6 times
  • The average score is 5 of 22
Answer Stats
Hint Answer % Correct
Which rapper sang the hit song "Gangsta's Paradise"? Coolio
80%
Julian Assange created this website in 2006 which "illegally" obtained and leaked classified government documents. Wikileaks
80%
What does P.S. mean when used at the end of a letter? Postscript
60%
Who was the first United States President to be born in an hospital? Jimmy Carter
40%
According to Nick, how fast above the speed limit does the law say you are able to travel? 5 MPH
20%
Who was the highest earning actor in 2023? Adam Sandler
20%
This show has the highest rated season of televison of all time according to IMBD. Released in 2023. Chernobyl
20%
What is the leading cause of fire deaths in the United States? Cigarette
20%
What is the lowest rated Marvel TV Show that released on Netflix? Iron Fist
20%
This former Ohio State Football assistant coach beat the Buckeyes in 2001. Who is he? Lou Holtz
20%
At one point Branxton believed that this man ended slavery. Martin Luther King Jr.
20%
Who famously said, "Give me liberty, or give me death!" Patrick Henry
20%
This guy played for the Rockets, Suns, Spurs, and Lakers. He is also 6th all time in 3 pointers made in NBA Finals History and retired in 2008. Robert Horry
20%
This Washington Redskin threw 4 TD's, recorded 4 interceptions, and kicked an 81 yard punt all in the same game. Sammy Baugh
20%
Which NFL Team wore white jerseys at home for the first time in their franchises history in their home opener in 2023? Seattle Seahawks
20%
The Ohio State Buckeyes Football team has currently won 5 Rose Bowls in a row. Can you name the team that they beat to start this streak on January 1, 1997? Arizona State
0%
In 2014, Odell Beckham Jr. made one of the greatest catches of all time on Monday Night Football. What was the name of the cornerback that was defending him? Brandon Carr
0%
Who is the all time leading scorer in College Basketball History? Caitlin Clark
0%
What does the acronyms ICE stand for? Immigration and Customs Enforcement
0%
This movie revolves around a second chance at true love as high-school sweethearts are reunited after 20 years following the death of a mutual friend. The Best of Me
0%
What is the longest running band that still has all of its orginal members? U2
0%
Which American state has the highest smoking rate? West Virginia
0%
No matching quizzes found
Score Distribution
Percent of People with Each Score
Percentile by Number Answered
Your Score History
You have not taken this quiz